Bing Crosby Charting Songs (Billboard Hot 100) - Statistics

General Stats
  • This quiz has been taken 36 times
    7 since last reset
  • The average score is 3 of 6
Answer Stats
Album Weeks On Peak Artist(s) Song % Correct
Non-Album Single 1 Week #93 V & Bing Crosby White Christmas
86%
Song Hits from Holiday Inn 43 Weeks #12 Bing Crosby with Ken Darby Singers & John Scott Trotter & His Orchestra White Christmas (1947)
86%
Merry Christmas 2 Weeks #36 Bing Crosby & The Andrews Sisters Mele Kalikimaka (Merry Christmas)
71%
Merry Christmas 2 Weeks #54 Bing Crosby Silent Night
29%
Merry Christmas 3 Weeks #45 Bing Crosby Adeste Fideles (Oh, Come, All Ye Faithful)
14%
Merry Christmas 2 Weeks #50 Bing Crosby I'll Be Home for Christmas
14%
No matching quizzes found
Score Distribution
Percent of People with Each Score
Percentile by Number Answered
Your Score History
You have not taken this quiz since the last reset